| 000 | 00348nam a2200133Ia 4500 | ||
|---|---|---|---|
| 008 | 240624s9999 xx 000 0 und d | ||
| 041 | _aeng | ||
| 082 | _a657.45 ARM | ||
| 100 | _aARMSTRONG MICHAEL | ||
| 245 | _aPERFORMANCE MANAGEMENT AUDIT | ||
| 260 |
_aUK _bCambridge Strategy Publications Ltd |
||
| 300 | _a63 : p. : cm. ; 29 | ||
| 365 |
_cRS _b50 |
||
| 999 |
_c28488 _d28488 |
||